000
00237nam a22001097a 4500
082
_a
428.24HER
100
_a
Herbert A J
245
_a
The structure of technical english
260
_a
London
_b
Longman
_c
1988
300
_a
208
942
_c
BK
999
_c
14951
_d
14951